00502nam a2200193 a 4500001001300000003000900013005001700022008004100039020001000080082001300090100002500103245005500128260003000183300000900213500003500222505001300257650001300270700002500283nice12345678IN_TiNIC20260116015328.0080730s2008 bana grp 000 0 eng  ac10000a230bSEL aSelvanayagam, Israel aLight on Our Dusty Pathb Essays for a Bible Lover aBangalore bBTESSC c2008 a538p aincludes index and biblioraphy2 aappendix aTheology1 aSelvanayagam, Israel